[Event "Amber 2005 Blindfold"]
[Site "Monaco MNC"]
[Date "2005.03.27"]
[Round "8.2"]
[White "Kramnik, Vladimir"]
[Black "Morozevich, Alexander"]
[Result "0-1"]
[WhiteElo "2754"]
[BlackElo "2741"]
[PlyCount "82"]
[EventDate "23.03.19"]
[EventType "tourn"]
[EventRounds "11"]
[EventCountry "MNC"]
[EventCategory "20"]
[Source "lmi"]
[SourceDate "2005.03.31"]

1. e4 d6 2. d4 Nf6 3. Nc3 g6 4. f4 Bg7 5. Nf3 O-O 6. Be3 c6 7. Bd3 Na6 8. a3 c5
9. d5 Rb8 10. Qe2 Nc7 11. a4 a6 12. a5 b5 13. axb6 Rxb6 14. Na4 Rb4 15. Bd2 Rb8
16. O-O e6 17. dxe6 Nxe6 18. f5 gxf5 19. exf5 Nc7 20. Qf2 Ncd5 21. Qh4 Nb4 22.
Bg5 Nxd3 23. cxd3 Rb4 24. d4 cxd4 25. Bd2 Rc4 26. Bg5 Bb7 27. Rf2 Re8 28. b3
Rb4 29. Nd2 a5 30. Nb2 d3 31. Qh3 h6 32. Bh4 Qb6 33. Nxd3 Re3 34. Nf3 Rxd3 35.
Bxf6 Bxf6 36. Re1 Re4 37. Rxe4 Bxe4 38. Qg4+ Kf8 39. Qxe4 Rd1+ 40. Ne1 Bc3 41.
Qa8+ Ke7 0-1

[Event "Amber 2005 Blindfold"]
[Site "Monaco MNC"]
[Date "2005.03.27"]
[Round "8.3"]
[White "Topalov, Veselin"]
[Black "Bareev, Evgeny"]
[Result "1/2-1/2"]
[WhiteElo "2757"]
[BlackElo "2709"]
[PlyCount "129"]
[EventDate "23.03.19"]
[EventType "tourn"]
[EventRounds "11"]
[EventCountry "MNC"]
[EventCategory "20"]
[Source "lmi"]
[SourceDate "2005.03.31"]

1. d4 d5 2. c4 c6 3. Nc3 Nf6 4. e3 e6 5. Nf3 Nbd7 6. Qc2 Bd6 7. g4 h6 8. Rg1 a6
9. h4 dxc4 10. Bxc4 b5 11. Be2 c5 12. g5 hxg5 13. hxg5 Nd5 14. g6 f6 15. Qe4
N7b6 16. Nxd5 Nxd5 17. dxc5 Bxc5 18. Bd2 Qb6 19. Rc1 Bd7 20. b4 Be7 21. Nd4 Rc8
22. Rxc8+ Bxc8 23. Rh1 Rxh1+ 24. Qxh1 Bf8 25. Qh8 Ne7 26. Bd1 e5 27. Bb3 Nxg6
28. Qh5 exd4 29. Qxg6+ Kd8 30. Qf7 Qd6 31. exd4 g5 32. a3 Qe7+ 33. Qxe7+ Kxe7
34. Be3 Kd6 35. f4 g4 36. Kf2 f5 37. d5 Bg7 38. Bc5+ Kc7 39. a4 Bd7 40. axb5
axb5 41. Bc2 Bc3 42. Ke2 Kb7 43. Bd3 Bf6 44. Ke3 Bd8 45. Bf1 Bf6 46. Bg2 Bb2
47. Kd2 Kc8 48. d6 Bf6 49. Bd5 Bb2 50. Kd3 Kb8 51. Bd4 Bc1 52. Be5 Ka7 53. Ke2
Kb8 54. Kd1 Be3 55. Ke2 Bc1 56. Ke1 Be3 57. Kd1 Kc8 58. Ke2 Bc1 59. Kd3 Kb8 60.
Kc2 Be3 61. Kd3 Bc1 62. Bg2 Kc8 63. Kc2 Be3 64. Kd3 Bc1 65. Kc2 1/2-1/2

[Event "Amber 2005 Blindfold"]
[Site "Monaco MNC"]
[Date "2005.03.27"]
[Round "8.5"]
[White "Vallejo Pons, Francisco"]
[Black "Van Wely, Loek"]
[Result "1-0"]
[WhiteElo "2686"]
[BlackElo "2679"]
[PlyCount "107"]
[EventDate "23.03.19"]
[EventType "tourn"]
[EventRounds "11"]
[EventCountry "MNC"]
[EventCategory "20"]
[Source "lmi"]
[SourceDate "2005.03.31"]

1. e4 c5 2. Nf3 Nc6 3. d4 cxd4 4. Nxd4 Nf6 5. Nc3 e5 6. Ndb5 d6 7. Bg5 a6 8.
Na3 b5 9. Bxf6 gxf6 10. Nd5 f5 11. Bd3 Be6 12. Qh5 Rg8 13. g3 Nd4 14. c3 fxe4
15. Bxe4 Bg4 16. Qxh7 Rg7 17. Qh6 Nf3+ 18. Kd1 Ng5+ 19. f3 Rg6 20. Qh4 Nxe4 21.
fxg4 Nf2+ 22. Ke2 Nxh1 23. Rxh1 Rc8 24. Nc2 Qxh4 25. gxh4 Be7 26. Nxe7 Kxe7 27.
Ne3 Ke6 28. h5 Rf6 29. Rd1 Rf4 30. h3 Rc5 31. Rd3 b4 32. c4 Rcxc4 33. Nxc4 Rxc4
34. h6 f6 35. a3 a5 36. Kd2 d5 37. Rf3 e4 38. Rf4 bxa3 39. bxa3 Rc8 40. h4 Ke5
41. Rf5+ Ke6 42. Rf4 Ke5 43. Rf5+ Ke6 44. Ke3 Rc3+ 45. Ke2 d4 46. h7 Rc2+ 47.
Kd1 Rc8 48. Rxa5 Kf7 49. Rh5 Rh8 50. a4 Kg6 51. a5 f5 52. Rg5+ Kxh7 53. Rh5+
Kg7 54. Rxh8 1-0

[Event "Amber 2005 Blindfold"]
[Site "Monaco MNC"]
[Date "2005.03.27"]
[Round "8.6"]
[White "Ivanchuk, Vassily"]
[Black "Svidler, Peter"]
[Result "1/2-1/2"]
[WhiteElo "2711"]
[BlackElo "2735"]
[PlyCount "142"]
[EventDate "23.03.19"]
[EventType "tourn"]
[EventRounds "11"]
[EventCountry "MNC"]
[EventCategory "20"]
[Source "lmi"]
[SourceDate "2005.03.31"]

1. e4 c5 2. Nf3 e6 3. d3 Nc6 4. g3 g6 5. Bg5 f6 6. Be3 d5 7. exd5 exd5 8. d4
Nge7 9. Bg2 Nf5 10. O-O Nxe3 11. fxe3 Bh6 12. dxc5 Bxe3+ 13. Kh1 O-O 14. Nc3
Bxc5 15. Qxd5+ Qxd5 16. Nxd5 Kg7 17. c3 Bg4 18. h3 Bxf3 19. Bxf3 Rae8 20. Rad1
Ne5 21. Be2 f5 22. Bb5 Rd8 23. Rfe1 Bd6 24. Kg2 a6 25. Nf4 Kf6 26. Ba4 g5 27.
Nd5+ Kg7 28. Bc2 Bb8 29. Re2 Ng6 30. Red2 Rde8 31. Rf1 f4 32. Bxg6 Kxg6 33.
gxf4 gxf4 34. Rdf2 Kg5 35. Kf3 Rf5 36. c4 Kh6 37. Rg2 b5 38. b3 Rh5 39. Rh1 Re6
40. h4 bxc4 41. bxc4 Bd6 42. Rg4 Rg6 43. Rb1 Bc5 44. Rb7 Rf5 45. Rxf4 Rxf4+ 46.
Nxf4 Rc6 47. Rd7 Bg1 48. Rd1 Ba7 49. Kg4 Bf2 50. Rc1 Rc8 51. Rc2 Rg8+ 52. Kf3
Bxh4 53. c5 Rc8 54. Rh2 Kg5 55. Ng2 Rf8+ 56. Ke4 Bf2 57. c6 h5 58. Rh3 h4 59.
Rf3 Re8+ 60. Kd5 Bg3 61. Ra3 Re2 62. Nxh4 Kxh4 63. Rxa6 Kg5 64. Ra3 Bf4 65. Ra4
Rc2 66. a3 Kf5 67. Rxf4+ Kxf4 68. Kd6 Rd2+ 69. Ke6 Re2+ 70. Kd6 Rd2+ 71. Ke6
Re2+ 1/2-1/2

[Event "Amber 2005 Blindfold"]
[Site "Monaco MNC"]
[Date "2005.03.29"]
[Round "9.1"]
[White "Gelfand, Boris"]
[Black "Topalov, Veselin"]
[Result "1/2-1/2"]
[WhiteElo "2696"]
[BlackElo "2757"]
[PlyCount "78"]
[EventDate "23.03.19"]
[EventType "tourn"]
[EventRounds "11"]
[EventCountry "MNC"]
[EventCategory "20"]
[Source "lmi"]
[SourceDate "2005.03.31"]

1. Nf3 d5 2. d4 Nf6 3. c4 e6 4. Nc3 dxc4 5. e4 Bb4 6. Bg5 c5 7. Bxc4 cxd4 8.
Nxd4 Bxc3+ 9. bxc3 Qa5 10. Bb5+ Bd7 11. Bxf6 gxf6 12. Bxd7+ Nxd7 13. O-O a6 14.
Rb1 Qc7 15. Qd2 h5 16. f4 Rc8 17. Rf3 b5 18. Re1 Nb6 19. Qf2 h4 20. Rh3 Na4 21.
Rxh4 Rg8 22. Rh7 Qxc3 23. e5 f5 24. Nf3 Nc5 25. Rd1 Ne4 26. Qa7 Qc5+ 27. Qxc5
Rxc5 28. h4 Rc2 29. Ng5 b4 30. Rd4 a5 31. Kh2 Nxg5 32. fxg5 Rc6 33. g6 fxg6 34.
Rdd7 Rh8 35. Rhe7+ Kf8 36. Rf7+ Ke8 37. g3 g5 38. Rfe7+ Kf8 39. Rf7+ Ke8
1/2-1/2

[Event "Amber 2005 Blindfold"]
[Site "Monaco MNC"]
[Date "2005.03.29"]
[Round "9.3"]
[White "Svidler, Peter"]
[Black "Kramnik, Vladimir"]
[Result "1/2-1/2"]
[WhiteElo "2735"]
[BlackElo "2754"]
[PlyCount "66"]
[EventDate "23.03.19"]
[EventType "tourn"]
[EventRounds "11"]
[EventCountry "MNC"]
[EventCategory "20"]
[Source "lmi"]
[SourceDate "2005.03.31"]

1. e4 c5 2. Nf3 Nc6 3. Bb5 g6 4. O-O Bg7 5. c3 Nf6 6. Re1 O-O 7. h3 Qb6 8. Na3
d6 9. d4 cxd4 10. cxd4 d5 11. e5 Ne4 12. Be3 Bf5 13. Rc1 Rfc8 14. Qa4 Bd7 15.
Qb3 e6 16. Bd3 Qxb3 17. axb3 Nb4 18. Bxe4 dxe4 19. Rxc8+ Rxc8 20. Nd2 Nd3 21.
Ra1 Rc1+ 22. Rxc1 Nxc1 23. Nab1 Bc6 24. Nc3 b5 25. Ncxe4 Nxb3 26. Nxb3 Bxe4 27.
Nc5 Bc6 28. Bd2 Kf8 29. f4 Ke8 30. Kf2 Bf8 31. g4 Be7 32. Ba5 Bh4+ 33. Ke3 Be7
1/2-1/2

[Event "Amber 2005 Blindfold"]
[Site "Monaco MNC"]
[Date "2005.03.29"]
[Round "9.5"]
[White "Morozevich, Alexander"]
[Black "Shirov, Alexei"]
[Result "1-0"]
[WhiteElo "2741"]
[BlackElo "2713"]
[PlyCount "113"]
[EventDate "23.03.19"]
[EventType "tourn"]
[EventRounds "11"]
[EventCountry "MNC"]
[EventCategory "20"]
[Source "lmi"]
[SourceDate "2005.03.31"]

1. d4 d5 2. c4 e6 3. Nc3 c6 4. cxd5 exd5 5. Bf4 Bd6 6. Bg3 Ne7 7. e3 O-O 8. Nf3
Bg4 9. Qb3 Bxf3 10. gxf3 b5 11. a4 b4 12. Ne2 a5 13. Rc1 Na6 14. Bh3 c5 15.
dxc5 Nxc5 16. Qd1 b3 17. O-O Rb8 18. Nc3 Bxg3 19. hxg3 Rb4 20. Nxd5 Nxd5 21.
Rxc5 Nb6 22. Rxa5 Nxa4 23. Rd5 Qf6 24. Qd2 Rc4 25. Qd3 Rb4 26. Rb1 g6 27. e4
Nb6 28. Rb5 Rd4 29. e5 Rxd3 30. exf6 Nd5 31. Bf1 Rd2 32. Rxb3 Nxf6 33. Rd3 Rxd3
34. Bxd3 Rd8 35. Bf1 h5 36. b4 Rd6 37. b5 Nd7 38. Bh3 Nb6 39. Rc1 Kf8 40. f4 f5
41. Rc7 Nd5 42. Rb7 h4 43. Bg2 hxg3 44. fxg3 Nb6 45. Bf3 Nc4 46. Rc7 Nb6 47.
Rc6 Ke7 48. Kf2 Re6 49. Rxe6+ Kxe6 50. Ke3 Nd7 51. Bc6 Nf6 52. b6 Kd6 53. Bf3
Kc5 54. b7 Nd7 55. Kd3 Nb8 56. Kc3 Nd7 57. Bd1 1-0

[Event "Amber 2005 Blindfold"]
[Site "Monaco MNC"]
[Date "2005.03.29"]
[Round "9.6"]
[White "Bareev, Evgeny"]
[Black "Vallejo Pons, Francisco"]
[Result "0-1"]
[WhiteElo "2709"]
[BlackElo "2686"]
[PlyCount "126"]
[EventDate "23.03.19"]
[EventType "tourn"]
[EventRounds "11"]
[EventCountry "MNC"]
[EventCategory "20"]
[Source "lmi"]
[SourceDate "2005.03.31"]

1. d4 d5 2. c4 e6 3. Nf3 Nf6 4. e3 b6 5. Nc3 Bb7 6. cxd5 exd5 7. Bb5+ c6 8. Bd3
Nbd7 9. O-O Be7 10. b3 O-O 11. Bb2 Bd6 12. Rc1 Re8 13. Qc2 Qe7 14. Ne2 g6 15.
Ng3 h5 16. Rfd1 Rac8 17. Qe2 Ba8 18. Rc2 Ne4 19. Nf1 Bb8 20. Rdc1 Qd6 21. Ne5
Nf8 22. Ba6 Rc7 23. f3 Nf6 24. Bd3 Rcc8 25. Qf2 N8d7 26. f4 Ne4 27. Qh4 Nxe5
28. dxe5 Qe7 29. Qh3 c5 30. Ng3 Bc6 31. Bxe4 dxe4 32. Nxh5 gxh5 33. Qxh5 Qf8
34. e6 f6 35. Qf5 Qh6 36. Bxf6 Rc7 37. Rd2 Rh7 38. h3 Qh5 39. Qxh5 Rxh5 40. Rd8
Rh6 41. Bg5 Rhxe6 42. Rcd1 Bc7 43. Rxe8+ Bxe8 44. g4 Rd6 45. Rxd6 Bxd6 46. Bf6
b5 47. Kf2 b4 48. f5 a5 49. Ke1 a4 50. Kd2 a3 51. h4 Bd7 52. Ba1 Be7 53. h5 Kf7
54. Be5 Bf6 55. Bd6 c4 56. Kc2 Bc3 57. h6 Bc6 58. bxc4 Ba4+ 59. Kc1 Bb3 60.
Bxb4 Bxb4 61. axb3 Bd2+ 62. Kb1 Bxe3 63. Ka2 Bxh6 0-1

[Event "Amber 2005 Blindfold"]
[Site "Monaco MNC"]
[Date "2005.03.30"]
[Round "10.2"]
[White "Shirov, Alexei"]
[Black "Bareev, Evgeny"]
[Result "1/2-1/2"]
[WhiteElo "2713"]
[BlackElo "2709"]
[PlyCount "84"]
[EventDate "23.03.19"]
[EventType "tourn"]
[EventRounds "11"]
[EventCountry "MNC"]
[EventCategory "20"]
[Source "lmi"]
[SourceDate "2005.03.31"]

1. d4 f5 2. g3 Nf6 3. Bg2 e6 4. c4 c6 5. Nh3 d6 6. Nc3 e5 7. dxe5 dxe5 8. Qxd8+
Kxd8 9. Ng5 Ke7 10. e4 h6 11. Nf3 Nxe4 12. Nxe5 Kf6 13. Nxe4+ fxe4 14. f4 exf3
15. Nxf3 Bb4+ 16. Kf2 Na6 17. Be3 Bc5 18. Rhf1 Re8 19. Bxc5 Nxc5 20. Kg1 Kg6
21. b4 Nd3 22. b5 cxb5 23. cxb5 Bd7 24. Nh4+ Kh7 25. Bxb7 Rab8 26. Bd5 Bxb5 27.
Rab1 Ba6 28. Be4+ Kg8 29. Rxb8 Rxb8 30. Nf5 Nc5 31. Bd5+ Kh7 32. Rc1 Bd3 33.
Nxg7 Kxg7 34. Rxc5 Rb2 35. Rc7+ Kf6 36. Rxa7 Ke5 37. Bf3 Kd4 38. Re7 Rxa2 39.
h4 h5 40. Re1 Ra5 41. Kh2 Ra2+ 42. Kg1 Ra5 1/2-1/2

[Event "Amber 2005 Blindfold"]
[Site "Monaco MNC"]
[Date "2005.03.30"]
[Round "10.3"]
[White "Vallejo Pons, Francisco"]
[Black "Leko, Peter"]
[Result "0-1"]
[WhiteElo "2686"]
[BlackElo "2749"]
[PlyCount "82"]
[EventDate "23.03.19"]
[EventType "tourn"]
[EventRounds "11"]
[EventCountry "MNC"]
[EventCategory "20"]
[Source "lmi"]
[SourceDate "2005.03.31"]

1. e4 e5 2. Nf3 Nc6 3. Nc3 Nf6 4. Bb5 Nd4 5. Ba4 Bc5 6. Nxe5 O-O 7. Nd3 Bb6 8.
e5 Ne8 9. Nd5 c6 10. Ne3 d5 11. c3 Nf5 12. O-O f6 13. Bb3 Kh8 14. Qh5 Nh6 15.
Ne1 fxe5 16. Qxe5 d4 17. Nc4 Ng4 18. Qh5 g6 19. Qh3 Bc5 20. Qg3 Nef6 21. Qh4 b5
22. Ne3 dxe3 23. dxe3 Be7 24. f4 Nh5 25. Qh3 Nhf6 26. Qf3 Bf5 27. Qxc6 a6 28.
h3 Nh6 29. Qf3 Be4 30. Qf2 Bb7 31. Nf3 Ne4 32. Qe1 Nf5 33. Nd4 Bh4 34. Qd1 Qb6
35. Bd2 Rae8 36. Qc2 Nxd2 37. Qxd2 Nxe3 38. f5 Nxf1 39. Rxf1 Rxf5 40. Rxf5 gxf5
41. Qh6 Qxh6 0-1

[Event "Amber 2005 Blindfold"]
[Site "Monaco MNC"]
[Date "2005.03.31"]
[Round "11.4"]
[White "Bareev, Evgeny"]
[Black "Ivanchuk, Vassily"]
[Result "1/2-1/2"]
[WhiteElo "2709"]
[BlackElo "2711"]
[PlyCount "62"]
[EventDate "23.03.19"]
[EventType "tourn"]
[EventRounds "11"]
[EventCountry "MNC"]
[EventCategory "20"]
[Source "lmi"]
[SourceDate "2005.03.31"]

1. d4 Nf6 2. c4 g6 3. Nc3 d5 4. Bg5 Ne4 5. Bh4 Bg7 6. cxd5 Nxc3 7. bxc3 Qxd5 8.
e3 c5 9. Qf3 Qd8 10. Bc4 O-O 11. Ne2 cxd4 12. exd4 Nc6 13. O-O Bd7 14. Rfe1 Rc8
15. Bb3 Na5 16. Nf4 Bf6 17. Bxf6 exf6 18. Nd5 Kg7 19. Re7 f5 20. Qf4 Nc6 21.
Rae1 Nxe7 22. Rxe7 Re8 23. Qe5+ Kh6 24. Qe3+ Kg7 25. Qe5+ Kh6 26. h4 Rxe7 27.
Nxe7 Rxc3 28. Qf6 Qb8 29. g3 Rxg3+ 30. fxg3 Qxg3+ 31. Kh1 Qh3+ 1/2-1/2

[Event "Amber 2005 Blindfold"]
[Site "Monaco MNC"]
[Date "2005.03.31"]
[Round "11.6"]
[White "Morozevich, Alexander"]
[Black "Vallejo Pons, Francisco"]
[Result "1/2-1/2"]
[WhiteElo "2741"]
[BlackElo "2686"]
[PlyCount "59"]
[EventDate "23.03.19"]
[EventType "tourn"]
[EventRounds "11"]
[EventCountry "MNC"]
[EventCategory "20"]
[Source "lmi"]
[SourceDate "2005.03.31"]

1. c4 Nf6 2. g3 c6 3. b3 d5 4. Nf3 Bg4 5. Bg2 Nbd7 6. Bb2 e6 7. O-O Be7 8. d3
O-O 9. Nbd2 Qb8 10. h3 Bh5 11. Re1 a5 12. Nf1 Re8 13. g4 Bg6 14. Nh4 a4 15.
Nxg6 hxg6 16. Qc2 b5 17. Nd2 Qb6 18. e3 Reb8 19. Bd4 Bc5 20. Bxc5 Qxc5 21. Rec1
Ra7 22. cxd5 Qxc2 23. Rxc2 axb3 24. Nxb3 cxd5 25. Nd4 Ne5 26. g5 Ne8 27. f4
Nxd3 28. Rd1 Ra3 29. Nc6 Rb6 30. Bf1 1/2-1/2

[Event "Amber 2005 Rapid"]
[Site "Monaco MNC"]
[Date "2005.03.19"]
[Round "1.2"]
[White "Van Wely, Loek"]
[Black "Morozevich, Alexander"]
[Result "1/2-1/2"]
[WhiteElo "2679"]
[BlackElo "2741"]
[PlyCount "105"]
[EventDate "23.03.19"]
[EventType "tourn (rapid)"]
[EventRounds "11"]
[EventCountry "MNC"]
[EventCategory "20"]
[Source "lmi"]
[SourceDate "2005.03.31"]

1. d4 d5 2. Nf3 Bf5 3. c4 e6 4. Nc3 c6 5. Qb3 Qb6 6. c5 Qxb3 7. axb3 Nd7 8. b4
a6 9. b5 cxb5 10. Nxb5 Rc8 11. Nc3 Ne7 12. Bf4 Nc6 13. e3 Be7 14. Kd2 O-O 15.
Bg3 Rfd8 16. Nh4 Bg4 17. h3 Bh5 18. Be2 Bxe2 19. Kxe2 a5 20. Rhc1 b6 21. cxb6
Nxb6 22. Nb5 Rd7 23. b3 Rb7 24. Nd6 Bxd6 25. Bxd6 a4 26. Rcb1 Na5 27. bxa4 Nxa4
28. Bb4 Nc6 29. Rxa4 Rcb8 30. Nf3 Nxb4 31. Rc1 f6 32. g4 Kf7 33. h4 Ke7 34. g5
Kd6 35. Ne1 e5 36. dxe5+ fxe5 37. Nf3 Nc6 38. h5 Rb2+ 39. Kf1 R8b6 40. Kg2 Ke6
41. Kg3 Ne7 42. Nh4 Rd6 43. Ra7 d4 44. exd4 Rxd4 45. Rcc7 Rb3+ 46. f3 Nf5+ 47.
Nxf5 Kxf5 48. Rxg7 Rg4+ 49. Kf2 Rb2+ 50. Ke3 Rb3+ 51. Kf2 Rb2+ 52. Ke3 Rb3+ 53.
Kf2 1/2-1/2

[Event "Amber 2005 Rapid"]
[Site "Monaco MNC"]
[Date "2005.03.19"]
[Round "1.3"]
[White "Gelfand, Boris"]
[Black "Bareev, Evgeny"]
[Result "1/2-1/2"]
[WhiteElo "2696"]
[BlackElo "2709"]
[PlyCount "141"]
[EventDate "23.03.19"]
[EventType "tourn (rapid)"]
[EventRounds "11"]
[EventCountry "MNC"]
[EventCategory "20"]
[Source "lmi"]
[SourceDate "2005.03.31"]

1. d4 d5 2. c4 c6 3. Nc3 Nf6 4. Nf3 dxc4 5. a4 Bf5 6. Ne5 Nbd7 7. Nxc4 Nb6 8.
Ne5 e6 9. f3 Nfd7 10. a5 Nxe5 11. axb6 Nd7 12. e4 Bg6 13. Rxa7 Nxb6 14. Rxa8
Qxa8 15. Be3 Bb4 16. Be2 Qa2 17. Qc1 Nc4 18. Kf2 Qb3 19. Bxc4 Qxc4 20. Ne2 Qb3
21. Bd2 Bd6 22. Qc3 Qb5 23. Ra1 O-O 24. e5 Be7 25. Nf4 Rd8 26. Nxg6 hxg6 27.
Be3 Bb4 28. Qc2 Bf8 29. b3 Qd5 30. Ra7 Qd7 31. Qc4 Qc8 32. g3 Kh7 33. h4 Rd5
34. Qc2 c5 35. h5 Qb8 36. hxg6+ fxg6 37. Ra4 b5 38. Ra1 cxd4 39. Bf4 Qe8 40.
Qd3 Kg8 41. Kg2 g5 42. Bxg5 Rxe5 43. Bd2 Rd5 44. Rh1 g6 45. Rh4 Bg7 46. Re4 Qf7
47. Be1 g5 48. Bf2 Qf5 49. Qc2 d3 50. Qd2 Qf6 51. Be3 Kf7 52. Rg4 Qc3 53. Rxg5
Qxb3 54. Rxd5 Qxd5 55. Qa5 Kg6 56. Qb4 Qa2+ 57. Kh3 Qd5 58. Kg2 Kf7 59. Qf4+
Bf6 60. Qc7+ Kg6 61. Qc8 Kf7 62. Qc7+ Be7 63. g4 b4 64. Qf4+ Kg8 65. Qb8+ Bf8
66. Bd2 Qd6 67. Qe8 Qe5 68. Qg6+ Qg7 69. Qxd3 Qe5 70. Qg6+ Bg7 71. Bxb4 1/2-1/2

[Event "Amber 2005 Rapid"]
[Site "Monaco MNC"]
[Date "2005.03.19"]
[Round "1.4"]
[White "Topalov, Veselin"]
[Black "Vallejo Pons, Francisco"]
[Result "1/2-1/2"]
[WhiteElo "2757"]
[BlackElo "2686"]
[PlyCount "52"]
[EventDate "23.03.19"]
[EventType "tourn (rapid)"]
[EventRounds "11"]
[EventCountry "MNC"]
[EventCategory "20"]
[Source "lmi"]
[SourceDate "2005.03.31"]

1. Nf3 d5 2. d4 Nf6 3. c4 c6 4. e3 Bf5 5. Nc3 e6 6. Nh4 Bg6 7. Nxg6 hxg6 8. Bd2
Nbd7 9. g3 Be7 10. Rc1 a6 11. Bg2 Nb6 12. b3 dxc4 13. Ne2 cxb3 14. Qxb3 a5 15.
Nf4 Bb4 16. Bxb4 axb4 17. Qxb4 Rxa2 18. O-O Ra4 19. Qb3 Ra7 20. Ra1 Rxa1 21.
Rxa1 O-O 22. Rb1 Nfd7 23. Nd3 Qc7 24. h4 Rb8 25. Qb4 Nd5 26. Bxd5 cxd5 1/2-1/2

[Event "Amber 2005 Rapid"]
[Site "Monaco MNC"]
[Date "2005.03.20"]
[Round "2.1"]
[White "Vallejo Pons, Francisco"]
[Black "Ivanchuk, Vassily"]
[Result "1/2-1/2"]
[WhiteElo "2686"]
[BlackElo "2711"]
[PlyCount "60"]
[EventDate "23.03.19"]
[EventType "tourn (rapid)"]
[EventRounds "11"]
[EventCountry "MNC"]
[EventCategory "20"]
[Source "lmi"]
[SourceDate "2005.03.31"]

1. Nf3 Nf6 2. c4 g6 3. Nc3 d5 4. cxd5 Nxd5 5. Qa4+ Bd7 6. Qh4 Nxc3 7. dxc3 Nc6
8. e4 e5 9. Bg5 Be7 10. Bc4 h5 11. Bxe7 Qxe7 12. Qxe7+ Kxe7 13. Bd5 h4 14. h3
f6 15. O-O-O Nd8 16. Rd2 c6 17. Bc4 Be6 18. Bb3 Bxb3 19. axb3 Ne6 20. Kc2 a5
21. Ra1 b6 22. Ne1 c5 23. Rad1 Ra7 24. Nf3 Rb7 25. Nh2 Nf4 26. f3 Rc8 27. Ng4
Rcc7 28. Rd6 Ne6 29. R6d2 Nf4 30. Rd6 Ne6 1/2-1/2

[Event "Amber 2005 Rapid"]
[Site "Monaco MNC"]
[Date "2005.03.20"]
[Round "2.2"]
[White "Kramnik, Vladimir"]
[Black "Shirov, Alexei"]
[Result "1/2-1/2"]
[WhiteElo "2754"]
[BlackElo "2713"]
[PlyCount "60"]
[EventDate "23.03.19"]
[EventType "tourn (rapid)"]
[EventRounds "11"]
[EventCountry "MNC"]
[EventCategory "20"]
[Source "lmi"]
[SourceDate "2005.03.31"]

1. e4 e5 2. Nf3 Nc6 3. Bb5 a6 4. Ba4 Nf6 5. O-O Nxe4 6. d4 b5 7. Bb3 d5 8. dxe5
Be6 9. Nbd2 Nc5 10. c3 d4 11. Bxe6 Nxe6 12. cxd4 Ncxd4 13. a4 Bb4 14. axb5
Nxf3+ 15. Nxf3 axb5 16. Rxa8 Qxa8 17. Ng5 Qc6 18. Qg4 Qc4 19. Qf5 Nd8 20. Rd1
Qc6 21. Nxh7 Be7 22. Qh5 g6 23. Qh3 Ne6 24. Be3 Qc2 25. Rc1 Qxb2 26. f4 Qa3 27.
Kf2 Qa2+ 28. Kf1 Qa3 29. Kf2 Qa2+ 30. Kf1 Qa3 1/2-1/2

[Event "Amber 2005 Rapid"]
[Site "Monaco MNC"]
[Date "2005.03.20"]
[Round "2.3"]
[White "Anand, Viswanathan"]
[Black "Topalov, Veselin"]
[Result "1-0"]
[WhiteElo "2786"]
[BlackElo "2757"]
[PlyCount "91"]
[EventDate "23.03.19"]
[EventType "tourn (rapid)"]
[EventRounds "11"]
[EventCountry "MNC"]
[EventCategory "20"]
[Source "lmi"]
[SourceDate "2005.03.31"]

1. e4 e5 2. Nf3 Nc6 3. Bb5 Nf6 4. O-O Nxe4 5. d4 Nd6 6. Bxc6 dxc6 7. dxe5 Nf5
8. Qxd8+ Kxd8 9. Nc3 h6 10. h3 Bd7 11. Bf4 Kc8 12. Rad1 b6 13. Rd3 Be6 14. Rfd1
Kb7 15. b3 g5 16. Bc1 c5 17. Nd5 Ne7 18. Nxe7 Bxe7 19. c4 Rag8 20. Nd2 g4 21.
hxg4 Rxg4 22. Nf1 Rhg8 23. Rg3 h5 24. Re1 a6 25. Rxg4 hxg4 26. Rd1 Kc6 27. Bf4
Rd8 28. Rxd8 Bxd8 29. Ne3 b5 30. Kf1 bxc4 31. bxc4 Kb6 32. Ke2 Ka5 33. Kd3 c6
34. f3 gxf3 35. gxf3 Ka4 36. Bh6 Ka3 37. f4 Kxa2 38. Kc2 f5 39. Bf8 Bb6 40. Be7
a5 41. Bh4 a4 42. Be1 Bd8 43. Nd1 Ka3 44. Nb2 Be7 45. Bc3 Bf8 46. Nd3 1-0

[Event "Amber 2005 Rapid"]
[Site "Monaco MNC"]
[Date "2005.03.20"]
[Round "2.4"]
[White "Gelfand, Boris"]
[Black "Svidler, Peter"]
[Result "0-1"]
[WhiteElo "2696"]
[BlackElo "2735"]
[PlyCount "104"]
[EventDate "23.03.19"]
[EventType "tourn (rapid)"]
[EventRounds "11"]
[EventCountry "MNC"]
[EventCategory "20"]
[Source "lmi"]
[SourceDate "2005.03.31"]

1. d4 Nf6 2. c4 g6 3. Nc3 d5 4. cxd5 Nxd5 5. e4 Nxc3 6. bxc3 Bg7 7. Nf3 c5 8.
Rb1 O-O 9. Be2 b6 10. O-O Bb7 11. Qd3 Ba6 12. Qe3 Qd7 13. d5 Bxe2 14. Qxe2 Bxc3
15. Bh6 Bg7 16. Bxg7 Kxg7 17. Rfd1 Qa4 18. e5 Nd7 19. Rbc1 Rad8 20. e6 Nf6 21.
exf7 Qe4 22. Qxe4 Nxe4 23. Re1 Nf6 24. Ng5 Rxd5 25. h4 Rxf7 26. Nxf7 Kxf7 27.
Re3 Rd4 28. Rce1 Nd5 29. Rf3+ Ke8 30. h5 c4 31. hxg6 hxg6 32. Rc1 c3 33. Rfxc3
Nxc3 34. Rxc3 Rd1+ 35. Kh2 Rd2 36. Ra3 a5 37. f4 Kd7 38. Kh3 Rb2 39. g3 Kc6 40.
Kg4 Kb5 41. Kg5 Kb4 42. Re3 Rxa2 43. Kxg6 Rg2 44. Kg5 a4 45. g4 a3 46. Rxe7 a2
47. Ra7 Kb3 48. f5 Kb2 49. f6 a1=Q 50. Rxa1 Kxa1 51. Kh5 b5 52. g5 Rf2 0-1

[Event "Amber 2005 Rapid"]
[Site "Monaco MNC"]
[Date "2005.03.20"]
[Round "2.5"]
[White "Bareev, Evgeny"]
[Black "Van Wely, Loek"]
[Result "1-0"]
[WhiteElo "2709"]
[BlackElo "2679"]
[PlyCount "83"]
[EventDate "23.03.19"]
[EventType "tourn (rapid)"]
[EventRounds "11"]
[EventCountry "MNC"]
[EventCategory "20"]
[Source "lmi"]
[SourceDate "2005.03.31"]

1. d4 Nf6 2. c4 g6 3. g3 Bg7 4. Bg2 d5 5. cxd5 Nxd5 6. e4 Nb6 7. Ne2 c5 8. d5
e6 9. O-O exd5 10. exd5 O-O 11. Nec3 Na6 12. Nd2 Bf5 13. Nde4 Qd7 14. Qb3 Bh3
15. Bxh3 Qxh3 16. Be3 c4 17. Qb5 Nc7 18. Qa5 Qf5 19. Rad1 Rfd8 20. Bxb6 axb6
21. Qxb6 Bxc3 22. Nxc3 Nxd5 23. Nxd5 Rxd5 24. Qxb7 Rad8 25. Rxd5 Rxd5 26. Qb8+
Kg7 27. Qb4 Qc2 28. a4 Rd3 29. Re1 Rb3 30. Qc5 Rxb2 31. Qd4+ Kh6 32. Re4 f6 33.
Rh4+ Kg7 34. Qd7+ Kf8 35. Qd8+ Kg7 36. Qe7+ Kg8 37. Qxh7+ Kf8 38. Qh8+ Kf7 39.
Rh7+ Ke6 40. Qc8+ Ke5 41. Qc5+ Ke4 42. Rh4+ 1-0

[Event "Amber 2005 Rapid"]
[Site "Monaco MNC"]
[Date "2005.03.21"]
[Round "3.1"]
[White "Svidler, Peter"]
[Black "Morozevich, Alexander"]
[Result "0-1"]
[WhiteElo "2735"]
[BlackElo "2741"]
[PlyCount "76"]
[EventDate "23.03.19"]
[EventType "tourn (rapid)"]
[EventRounds "11"]
[EventCountry "MNC"]
[EventCategory "20"]
[Source "lmi"]
[SourceDate "2005.03.31"]

1. e4 e6 2. d4 d5 3. Nc3 Nf6 4. e5 Nfd7 5. f4 c5 6. Nf3 Nc6 7. Be3 a6 8. Qd2 b5
9. Be2 Qb6 10. Nd1 b4 11. O-O a5 12. c3 Be7 13. Bf2 O-O 14. f5 bxc3 15. bxc3
cxd4 16. cxd4 Ba6 17. Bxa6 Qxa6 18. Ne3 Bb4 19. Qd1 Rac8 20. Ng5 Nxd4 21. Qxd4
Bc3 22. Qh4 h6 23. f6 hxg5 24. Qxg5 Nxf6 25. exf6 Bxf6 26. Qh5 Bxa1 27. Rxa1
Qd3 28. h3 Rb8 29. Ng4 Rb1+ 30. Rxb1 Qxb1+ 31. Kh2 f6 32. Bc5 Rc8 33. Bd6 Qh7
34. Nxf6+ gxf6 35. Qg4+ Kf7 36. Qa4 Qg8 37. h4 Rc4 38. Qd7+ Kg6 0-1

[Event "Amber 2005 Rapid"]
[Site "Monaco MNC"]
[Date "2005.03.21"]
[Round "3.5"]
[White "Topalov, Veselin"]
[Black "Kramnik, Vladimir"]
[Result "1/2-1/2"]
[WhiteElo "2757"]
[BlackElo "2754"]
[PlyCount "41"]
[EventDate "23.03.19"]
[EventType "tourn (rapid)"]
[EventRounds "11"]
[EventCountry "MNC"]
[EventCategory "20"]
[Source "lmi"]
[SourceDate "2005.03.31"]

1. d4 Nf6 2. c4 e6 3. Nc3 Bb4 4. Qc2 O-O 5. a3 Bxc3+ 6. Qxc3 b6 7. Bg5 Bb7 8.
e3 d6 9. f3 Nbd7 10. Bd3 c5 11. Ne2 Rc8 12. b4 h6 13. Bh4 d5 14. bxc5 dxc4 15.
Qxc4 bxc5 16. O-O cxd4 17. Qxd4 Nc5 18. Bc4 Qxd4 19. Nxd4 Nd5 20. Bf2 Nc3 21.
Rfc1 1/2-1/2